000 00414nam a2200157Ia 4500
008 240729s9999 xx 000 0 und d
245 0 _aEgyptian Journal of Remote Sensing and Space Sciences
260 _aEgypt
260 _bElsevier
650 _a Astronomy
650 _a Geodesy
650 _aScience
856 _uhttps://doaj.org/toc/2e73af0f7dde4bdcac2f4a0961b3d425
942 _2ddc
942 _cDOAJEJ
999 _c71475
_d71475
945 _a1
_bMadushi Gamage
_c1
_dMadushi Gamage